[Event "St Petersburg Blitz Final 2013"]
[Site "St Petersburg RUS"]
[Date "2013.12.22"]
[Round "1.1"]
[White "Rusanov,M"]
[Black "Alekseev,Evgeny"]
[Result "1/2-1/2"]
[WhiteElo "2440"]
[BlackElo "2698"]

1.d4 Nf6 2.Bg5 d5 3.Bxf6 gxf6 4.e3 c5 5.dxc5 e6 6.c4 dxc4 7.Qxd8+ Kxd8 8.Bxc4 Bxc5
9.Nc3 Ke7 10.Nge2 a6 11.O-O b5 12.Bd3 Bb7 13.Be4 Ra7 14.Bxb7 Rxb7 15.Rfd1 f5
16.Rac1 Nd7 17.Nf4 Rd8 18.Kf1 Ba7 19.Nce2 Ne5 20.Rxd8 Kxd8 21.Rd1+ Ke7 22.Nd3 Rd7
23.Nec1 Ng4 24.Ke2 Rc7 25.h3 Nf6 26.Nb3 Nd5 27.Rc1 Rxc1 28.Nbxc1 Kd6 29.Nb3 Bb6
30.Nd2 Nf6 31.Nf3 Ne4  1/2-1/2

[Event "St Petersburg Blitz Final 2013"]
[Site "St Petersburg RUS"]
[Date "2013.12.22"]
[Round "2.1"]
[White "Rusanov,M"]
[Black "Novik,Ma"]
[Result "1/2-1/2"]
[WhiteElo "2440"]
[BlackElo "2467"]

1.d4 Nf6 2.Bg5 d5 3.Bxf6 exf6 4.e3 c6 5.c4 dxc4 6.Bxc4 Bd6 7.Nc3 O-O 8.Nf3 Nd7
9.Qc2 f5 10.Bd3 g6 11.h4 Nf6 12.h5 Qe7 13.hxg6 hxg6 14.O-O-O Kg7 15.Kb1 Bd7
16.Ng5 Rh8 17.Bc4 Nd5 18.Bxd5 Qxg5 19.Bf3 Rxh1 20.Rxh1 Rh8 21.Rxh8 Kxh8 22.g3 Kg7
23.Na4 Qe7 24.Nc5 Bc8 25.Qc3 Kg8 26.a3 a6 27.Nd3 Be6 28.Nf4 Bxf4 29.gxf4 Bd5  1/2-1/2

[Event "St Petersburg Blitz Prelim 2013"]
[Site "St Petersburg RUS"]
[Date "2013.12.22"]
[Round "3.7"]
[White "Eliseev,Alexe"]
[Black "Lesovoi,Evgenij"]
[Result "1-0"]
[WhiteElo "2379"]
[BlackElo "2075"]

1.d4 Nf6 2.Bg5 d5 3.Nd2 Bf5 4.e3 c6 5.Ne2 Nbd7 6.h4 h6 7.Bf4 Qb6 8.b3 e6
9.c4 Bb4 10.f3 dxc4 11.bxc4 c5 12.a3 Ba5 13.e4 Bg6 14.Rb1 Qc6 15.d5 Qc8 16.g4 exd5
17.cxd5 O-O 18.Bg2 c4 19.O-O Nxd5 20.exd5 Bxb1 21.Nxb1 Re8 22.Nec3 Nc5 23.Kh2 Nd3
24.Bg3 Bc7 25.f4 Qd7 26.Nd2 Rac8 27.Nxc4 Nxf4 28.Bxf4 Bxf4+ 29.Rxf4 Qc7 30.d6  1-0

[Event "St Petersburg Blitz Prelim 2013"]
[Site "St Petersburg RUS"]
[Date "2013.12.22"]
[Round "6.2"]
[White "Eliseev,Alexe"]
[Black "Alekseev,Evgeny"]
[Result "0-1"]
[WhiteElo "2379"]
[BlackElo "2698"]

1.d4 Nf6 2.Bg5 d5 3.Nd2 c5 4.e3 Nc6 5.c3 Qb6 6.Qb3 e6 7.f4 Ng4 8.Ke2 h6 9.Bh4 g5
10.Bg3 Nf6 11.Ngf3 Nh5 12.Kf2 gxf4 13.exf4 Bd6 14.f5 Nxg3 15.hxg3 Qc7 16.g4 Bd7
17.Bb5 O-O-O 18.Bxc6 Bxc6 19.Rh5 Rhg8 20.Rxh6 Rxg4 21.fxe6 fxe6 22.Rxe6 Qf7
23.Re2 Qf4 24.Rh1 Rdg8 25.Kf1 a6 26.Qc2 Bb5 27.c4 dxc4 28.dxc5 Bxc5 29.Rh5 Ba7
30.Ke1 Kb8 31.Qe4 Qg3+ 32.Kd1 Rxe4  0-1

[Event "Al-Ain Classic Open A 2013"]
[Site "Al-Ain UAE"]
[Date "2013.12.24"]
[Round "6.25"]
[White "Guliev,Sarh"]
[Black "Ali,Ak"]
[Result "0-1"]
[WhiteElo "2430"]
[BlackElo "2313"]

1.d4 Nf6 2.Bg5 g6 3.Bxf6 exf6 4.e3 d5 5.c4 dxc4 6.Bxc4 Bg7 7.Nc3 Nd7 8.Nge2 Nb6
9.Bb3 c6 10.Nf4 Qe7 11.a3 Bh6 12.Qf3 O-O 13.h4 f5 14.h5 g5 15.Nd3 Be6 16.Bxe6 fxe6
17.g4 Rad8 18.O-O-O Nc4 19.Qe2 b5 20.Rhg1 Kh8 21.Kb1 a5 22.Na2 Bg7 23.gxf5 exf5
24.Qc2 h6 25.Nac1 Qf7 26.Rh1 f4 27.exf4 Bxd4 28.Ne5 Nxe5 29.fxe5 Bxe5 30.Qxc6 Qf5+
31.Ka2 Bg7 32.Rxd8 Rxd8 33.Re1 Qf7+ 34.Kb1 b4 35.a4 Qxh5 36.Re7 Rd2 37.Qa8+ Kh7
38.Rxg7+ Kxg7 39.Qxa5 Qg6+ 40.Ka2 Qc2 41.Qxb4 Kg6 42.Qb3 Qxb3+ 43.Kxb3 Rxf2
44.Nd3 Rf1  0-1

[Event "51st ch-IND Premier 2013"]
[Site "Jalgaon IND"]
[Date "2013.12.26"]
[Round "9.6"]
[White "Shyam,N"]
[Black "G.,A"]
[Result "1/2-1/2"]
[WhiteElo "2420"]
[BlackElo "2343"]

1.d4 Nf6 2.Bg5 d5 3.e3 c5 4.Bxf6 gxf6 5.c3 Qb6 6.Qb3 Nc6 7.Nf3 c4 8.Qc2 Bf5
9.Qxf5 Qxb2 10.Qxd5 Qxa1 11.Qb5 a6 12.Qxb7 Nd8 13.Qxa8 Qxb1+ 14.Ke2 Qd3+
15.Ke1 Qxc3+ 16.Nd2 e6 17.Ke2 Bb4 18.Kf3 Qxd2 19.Bxc4 Qc2 20.Qxa6 Qf5+ 21.Ke2 Qc2+
22.Kf3 Qf5+ 23.Ke2 Qc2+ 24.Kf3 Qf5+ 25.Ke2 Qc2+  1/2-1/2

[Event "WYCC U16 Girls 2013"]
[Site "Al-Ain UAE"]
[Date "2013.12.27"]
[Round "10.35"]
[White "Munoz,Claudia"]
[Black "Schnegg,A"]
[Result "0-1"]
[WhiteElo "1781"]
[BlackElo "2075"]

1.d4 Nf6 2.Bg5 d5 3.Bxf6 exf6 4.e3 Be6 5.Bd3 f5 6.Qf3 g6 7.Ne2 c6 8.Nbc3 Nd7
9.Nf4 Bd6 10.h4 Nf6 11.Nce2 Ne4 12.Nxe6 fxe6 13.g4 Qa5+ 14.c3 O-O-O 15.Bxe4 dxe4
16.Qg2 Kb8 17.Nc1 Rhg8 18.g5 e5 19.Nb3 Qa4 20.O-O h6 21.Rfd1 hxg5 22.dxe5 Be7
23.hxg5 Qb5 24.Qg3 Qb6 25.Rab1 Rh8 26.Nd4 c5 27.Ne2 Rh5 28.e6+ Kc8 29.Qe5 Rxg5+
30.Kf1 Rh5 31.Ng3 Rhh8 32.Rd7 Bd6 33.Qg7 Bxg3 34.e7 Qb5+ 35.Kg2 Qxd7 36.exd8=Q+ Qxd8
37.Rd1 Rh2+ 38.Kxg3 Qh4+  0-1

[Event "23rd North American Open 2013"]
[Site "Las Vegas USA"]
[Date "2013.12.27"]
[Round "3.1"]
[White "Gareev,T"]
[Black "Krush,I"]
[Result "1/2-1/2"]
[WhiteElo "2650"]
[BlackElo "2499"]

1.d4 Nf6 2.Bg5 d5 3.Bxf6 gxf6 4.c4 c5 5.e3 cxd4 6.exd4 Nc6 7.cxd5 Qxd5 8.Ne2 e5
9.Nbc3 Bb4 10.Qd2 Be6 11.Nxd5 Bxd2+ 12.Kxd2 Bxd5 13.dxe5 O-O-O 14.Kc3 fxe5
15.f3 f5 16.b3 f4 17.Re1 Kb8 18.Nc1 Rc8 19.Bd3 Rhg8 20.Bf5 Rc7 21.Bh3 Bf7
22.Kb2 Bg6 23.Rd1 Nd4 24.Rd2 Nc2 25.Rhd1 a6 26.Rd8+ Rxd8 27.Rxd8+ Ka7 28.Nd3 Ne3
29.Nxe5 Rc2+ 30.Ka3 Nxg2 31.Bxg2 Rxg2 32.Rd4 Bb1 33.Kb4 Rxa2 34.Nc4 Rxh2
35.Rd7 Bf5 36.Re7 Rh6 37.Rf7 Be6 38.Rxf4 Rh1 39.Rf6 Bd5 40.f4 h5 41.Kc5 Bg2
42.Ne3 Bc6 43.Rh6 Rb1 44.b4 Rb3 45.Nc4 Rf3 46.Ne5 Rxf4 47.Nxc6+ bxc6 48.Rh7+ Ka8
49.Rxh5 Kb7 50.Rh7+ Kb8 51.Rg7 Rh4  1/2-1/2

[Event "VII Stadium Casablanca Open 2013"]
[Site "Zaragoza ESP"]
[Date "2013.12.27"]
[Round "2.9"]
[White "Esteban Romo,F"]
[Black "Oms Pallisse,J"]
[Result "0-1"]
[WhiteElo "2055"]
[BlackElo "2453"]

1.d4 Nf6 2.Bg5 d5 3.Bxf6 exf6 4.e3 c6 5.g3 Bd6 6.Bg2 f5 7.Ne2 Nd7 8.Nd2 Nf6
9.c4 dxc4 10.O-O O-O 11.Nxc4 Bc7 12.Nc3 Be6 13.b3 Qe7 14.Qc2 Rad8 15.Rfd1 h5
16.e4 fxe4 17.Nxe4 Bf5 18.Nxf6+ Qxf6 19.Qb2 Bg4 20.Rd2 Bf3 21.Re1 Rfe8 22.Ne5 Bxg2
23.Kxg2 c5 24.Nf3 Rxe1 25.Nxe1 Ba5 26.Rd1 Bxe1 27.Rxe1 Qc6+ 28.Kg1 cxd4 29.Rc1 Qd5
30.Rd1 d3 31.Qc3 Qf3 32.Rd2 h4 33.Qc7 Re8  0-1

[Event "Karlstad Open 2013"]
[Site "Karlstad SWE"]
[Date "2013.12.28"]
[Round "3.3"]
[White "Pohjala,H"]
[Black "Blomstrom,L"]
[Result "1-0"]
[WhiteElo "2367"]
[BlackElo "2142"]

1.d4 Nf6 2.Bg5 d5 3.Bxf6 gxf6 4.e3 c5 5.dxc5 e6 6.Nf3 Bxc5 7.a3 Nc6 8.Nbd2 O-O
9.c4 dxc4 10.Bxc4 f5 11.O-O Qf6 12.b4 Be7 13.Qe2 Bd7 14.e4 Rfd8 15.e5 Qg7
16.Qe3 b5 17.Be2 a5 18.bxa5 Rxa5 19.Nb3 Rxa3 20.Rxa3 Bxa3 21.Bxb5 Nxe5 22.Bxd7 Nxf3+
23.Qxf3 Rxd7 24.Na5 Rd8 25.Qxa3  1-0

[Event "Bay Area International 2014"]
[Site "Santa Clara USA"]
[Date "2014.01.02"]
[Round "1.14"]
[White "Gorovets,A"]
[Black "Betaneli,A"]
[Result "1/2-1/2"]
[WhiteElo "2494"]
[BlackElo "2250"]

1.d4 d5 2.Bg5 Nf6 3.e3 e6 4.Nd2 Be7 5.Bd3 b6 6.Ngf3 Nbd7 7.O-O Bb7 8.c3 Ne4
9.Bxe7 Qxe7 10.Qc2 Nxd2 11.Nxd2 Nf6 12.c4 dxc4 13.Nxc4 O-O 14.Ne5 Qd6 15.b4 g6
16.Rfc1 Nd5 17.a3 Rfc8 18.Nc6 Ne7 19.Be4 Nxc6 20.Bxc6 Bxc6 21.Qxc6 e5 22.dxe5 Qxe5
23.g3 a5 24.b5 a4 25.Rab1 Rd8 26.Rb4 Ra5 27.Qxc7 Qxc7 28.Rxc7 Rd5 29.Rc6 Raxb5
30.Rxb6 Rxb6 31.Rxb6 Rd3 32.Ra6  1/2-1/2

[Event "Cracovia Open A 2013-14"]
[Site "Krakow POL"]
[Date "2014.01.03"]
[Round "8.18"]
[White "Papadakis,M"]
[Black "Klekowski,M"]
[Result "0-1"]
[WhiteElo "2222"]
[BlackElo "2402"]

1.d4 Nf6 2.Bg5 d5 3.Bxf6 exf6 4.e3 Be6 5.Nd2 c6 6.g3 Qb6 7.Rb1 Nd7 8.Ne2 h5
9.h4 g5 10.Nc3 Be7 11.hxg5 fxg5 12.Rxh5 O-O-O 13.Rxh8 Rxh8 14.Qf3 g4 15.Qg2 Qd8
16.Bd3 Rh5 17.Kf1 Bb4 18.Nb3 Qh8 19.Kg1 Nf6 20.Ne2 Bd6 21.Rc1 Bf5 22.Bxf5+ Rxf5
23.Nd2 Rh5 24.c3 Qh7 25.Nf4 Bxf4 26.gxf4 Qd3 27.Nf1 Rh3 28.c4 Kd7 29.cxd5 cxd5
30.Ng3 a6 31.Qf1 Rxg3+ 32.fxg3 Qxe3+ 33.Kg2 Qd2+ 34.Kg1 Qe3+ 35.Kg2 Qd2+
36.Kg1 Ne4 37.Qe1 Qxd4+ 38.Kf1 Qxb2 39.Rd1 Ke6 40.f5+ Ke5 41.Qe3 Qxa2 42.Kg1 Qc4
43.Qf4+ Kf6 44.Qh6+ Ke7 45.Qe3 Kd6 46.Rd4 Qc2 47.Rd3 Qc5 48.Rd4 Kc6 49.Kh2 a5
50.Rxe4 Qc2+ 51.Qe2 Qxe4  0-1

[Event "TCh-NED Meesterklasse 2013-14"]
[Site "Netherland NED"]
[Date "2014.01.04"]
[Round "4.10"]
[White "Buendgen,A"]
[Black "Schippers,Maurice"]
[Result "1/2-1/2"]
[WhiteElo "2209"]
[BlackElo "2209"]

1.d4 Nf6 2.Bg5 d5 3.e3 e6 4.Nd2 c5 5.c3 Nc6 6.f4 Qb6 7.Rb1 Ne4 8.Nxe4 dxe4
9.d5 Ne7 10.Bc4 f6 11.Bh4 exd5 12.Bxd5 Nxd5 13.Qxd5 Qe6 14.Qh5+ g6 15.Qd1 Bd7
16.Qb3 Qxb3 17.axb3 Kf7 18.c4 Bg7 19.Ne2 Bc6 20.Nc3 Ke6 21.Ke2 Rhb8 22.Rhd1 b5
23.Nd5 Rc8 24.Ra1 bxc4 25.bxc4 Rab8 26.Rxa7 Rxb2+ 27.Rd2 Rb7 28.Rda2 Bh8
29.f5+ gxf5 30.Nf4+ Kd7 31.Nh5 Ke6 32.Rxb7 Bxb7 33.Ra7 Rc7 34.Bg3 Rd7 35.Ra5 Bg7
36.Rxc5 Bf8 37.Rb5 Kf7 38.Rb6 Be7 39.Bh4 Rc7 40.Bg3 Rd7 41.Be1 Bd8 42.Rb4 Ba6
43.Ra4 Rd6 44.Bc3 Rc6 45.Kd2 Bxc4 46.Ra7+ Rc7 47.Rxc7+ Bxc7 48.g3 Be5 49.Nf4 Kg7
50.Bb4 Bxf4  1/2-1/2

[Event "26th Staufer-Open A 2014"]
[Site "Schwaebisch Gmuend GER"]
[Date "2014.01.04"]
[Round "5.15"]
[White "Kersten,U"]
[Black "Reimche,V"]
[Result "1-0"]
[WhiteElo "2287"]
[BlackElo "2102"]

1.d4 Nf6 2.Bg5 c5 3.d5 g6 4.Nc3 Bg7 5.e4 d6 6.Nf3 h6 7.Bf4 O-O 8.Qd2 Kh7
9.h3 Nh5 10.Bh2 Qa5 11.Be2 Bxc3 12.bxc3 Nf6 13.c4 Qxd2+ 14.Nxd2 Nfd7 15.f4 f6
16.Nf3 Nb6 17.O-O-O Bd7 18.e5 f5 19.e6 Be8 20.g4 Na6 21.Nh4 Na4 22.Kd2 Nb4
23.Ra1 Rb8 24.gxf5 gxf5 25.a3 Na6 26.Rab1 Nb6 27.Rhg1 Rf6 28.Bd3 Kh8 29.Nxf5 Rxf5
30.Bxf5 Nxc4+ 31.Kc1 Nc7 32.Be4 Ne3 33.c4 Nxc4 34.Rb3  1-0